Manual de teoria e prt̀ica do Direito Notarial

Detalles Bibliográficos
Autor principal: Swerts, Olavo Barroso
Formato: eBook
Lenguaje:portugués
Publicado: Sô Paulo : Editoria mundo jurd̕ico, 2009
Materias:
Acceso en línea:http://www.vlex.com/source/6909

MARC

LEADER 00000nam a22000007a 4500
005 20130117185056.0
007 cr|||| ||||
008 130117e2009 bl |||||s|||| 00||0 por d
020 |a 978-85-88576-80-3 
035 |a 6909 
040 |a vLex 
090 |c 3536  |d 3536 
100 1 0 |a Swerts, Olavo Barroso 
245 1 0 |a Manual de teoria e prt̀ica do Direito Notarial  |h [Recurso electrn̤ico] 
256 |a Servicio en ln̕ea 
260 |a Sô Paulo :  |b Editoria mundo jurd̕ico,   |c 2009 
300 |a 1 Recurso electrn̤ico 
650 |a Notarios  |z Brasil 
740 |a vLex Libros (Servicio en ln̕ea)  
856 |a Acceso restringido  |u http://www.vlex.com/source/6909 
942 |c BOOK 
999 0 |a Notaries